00358nam a22001097a 4500008004100000020001500041082001600056100002200072245008500094260006000179300000900239230619b xxu||||| |||| 00| 0 eng d a0872872424 a015.73bNEW cWalter L. Newsome aGovernment Reference Books 78/79bA Biennial Guide to US Government Publications aUSAbLibraries unlimited , Inc All right reservedc1980 a517p